[Event "CZE-ch U10"]
[Site "Teplice"]
[Date "2023.11.17"]
[Round "6"]
[White "Kohout, Filip"]
[Black "Tomes, Jan"]
[Result "0-1"]
[WhiteElo "1000"]
[BlackElo "1050"]
[PlyCount "122"]
[EventDate "2023.11.15"]
[EventType "swiss"]
[EventRounds "9"]
[EventCountry "CZE"]
[SourceTitle "CB47_2023"]
[SourceDate "2023.11.22"]
[SourceVersion "1"]
[SourceVersionDate "2023.11.22"]
[SourceQuality "1"]

1. e4 e5 2. Nf3 Nc6 3. Bc4 Nf6 4. Nc3 Nxe4 5. Nxe4 d5 6. Bd3 dxe4 7. Bxe4 Bc5 8. b3 0-0 9. Bb2 Re8 10. 0-0 Bg4 11. Re1 Bd4 12. Bxd4 Nxd4 13. Bxb7 Bxf3 14. Bxf3 Nxf3+ 15. Qxf3 Qxd2 16. Rac1 Qa5 17. a4 Rad8 18. Re2 Qd5 19. Qxd5 Rxd5 20. c4 Rdd8 21. h3 f6 22. Rb2 Rb8 23. b4 f5 24. b5 e4 25. Re2 g6 26. Rce1 Re7 27. f3 Rbe8 28. fxe4 fxe4 29. Rf1 e3 30. Rf6 Rd8 31. Rf3 Rd1+ 32. Kh2 Rd4 33. Rfxe3 Rxe3 34. Rxe3 Rxc4 35. Ra3 Kf7 36. Kg3 Ke8 37. Kf3 Kd7 38. Ke3 Kd6 39. Kd3 Kc5 40. Ra2 h5 41. Ra1 g5 42. Ra2 g4 43. hxg4 Rxg4 44. Kc3 Rg3+ 45. Kb2 Rxg2+ 46. Kb1 Rxa2 47. Kxa2 h4 48. Kb3 h3 49. Kc3 h2 50. Kd3 h1Q 51. Ke3 Qa1 52. Ke4 Qxa4+ 53. Ke5 Qxb5 54. Ke4 Qd7 55. Kf4 Qe6 56. Kf3 Kd4 57. Kg3 Qf5 58. Kg2 Ke3 59. Kh1 Qg5 60. Kh2 Kf2 61. Kh1 Qg2# 0-1